000 00543nam a2200205Ia 4500
005 20250213053246.0
008 240331s9999 xx 000 0 und d
020 _a0415056284
082 _bSAY
_21140
_a305.4
245 0 _aSocialism, Feminism and Philosophy:
_bA Radical Philosophy Reader
260 _aLondon;
_aNew York
_bRoutledge
_c1990
300 _aix, 306 p.,
650 _aFeminsim
650 _aSocialism
650 _aPhilosophy
650 _aHuman Nature
700 _aSayers, S
_eedt
700 _aOsborne, P
_eedt
942 _cL
999 _c1704
_d1704